<?xml version="1.0" encoding="UTF-8"?>
<record
    xmlns:xsi="http://www.w3.org/2001/XMLSchema-instance"
    xsi:schemaLocation="http://www.loc.gov/MARC21/slim http://www.loc.gov/standards/marcxml/schema/MARC21slim.xsd"
    xmlns="http://www.loc.gov/MARC21/slim">

  <leader>00273nam a22001337a 4500</leader>
  <controlfield tag="003">SGT</controlfield>
  <datafield tag="082" ind1=" " ind2=" ">
    <subfield code="b">AGA</subfield>
  </datafield>
  <datafield tag="100" ind1=" " ind2=" ">
    <subfield code="a">AGARWAL, S.K.</subfield>
  </datafield>
  <datafield tag="245" ind1=" " ind2=" ">
    <subfield code="a">ADVANCE INORGANIC CHEMISTRY</subfield>
  </datafield>
  <datafield tag="250" ind1=" " ind2=" ">
    <subfield code="a">2ND</subfield>
  </datafield>
  <datafield tag="260" ind1=" " ind2=" ">
    <subfield code="b">PRAGATI PRAKASHAN</subfield>
    <subfield code="c">2017</subfield>
  </datafield>
  <datafield tag="300" ind1=" " ind2=" ">
    <subfield code="a">567</subfield>
  </datafield>
  <datafield tag="942" ind1=" " ind2=" ">
    <subfield code="2">ddc</subfield>
    <subfield code="c">BK</subfield>
    <subfield code="0">16</subfield>
  </datafield>
  <datafield tag="952" ind1=" " ind2=" ">
    <subfield code="0">0</subfield>
    <subfield code="1">0</subfield>
    <subfield code="2">ddc</subfield>
    <subfield code="4">0</subfield>
    <subfield code="7">0</subfield>
    <subfield code="a">SSSL</subfield>
    <subfield code="b">SSSL</subfield>
    <subfield code="c">TXT</subfield>
    <subfield code="d">2018-07-28</subfield>
    <subfield code="e">PRAGATI PRAKASHAN</subfield>
    <subfield code="g">445.00</subfield>
    <subfield code="i">SGTU</subfield>
    <subfield code="l">10</subfield>
    <subfield code="o">AGA</subfield>
    <subfield code="p">PS4326</subfield>
    <subfield code="r">2025-05-12 00:00:00</subfield>
    <subfield code="s">2025-04-24</subfield>
    <subfield code="w">0000-00-00</subfield>
    <subfield code="y">BK</subfield>
    <subfield code="k">18-19/5797</subfield>
  </datafield>
  <datafield tag="952" ind1=" " ind2=" ">
    <subfield code="0">0</subfield>
    <subfield code="1">0</subfield>
    <subfield code="2">ddc</subfield>
    <subfield code="4">0</subfield>
    <subfield code="7">0</subfield>
    <subfield code="a">SSSL</subfield>
    <subfield code="b">SSSL</subfield>
    <subfield code="c">TXT</subfield>
    <subfield code="d">2018-07-28</subfield>
    <subfield code="e">PRAGATI PRAKASHAN</subfield>
    <subfield code="g">445.00</subfield>
    <subfield code="i">SGTU</subfield>
    <subfield code="l">6</subfield>
    <subfield code="o">AGA</subfield>
    <subfield code="p">PS4327</subfield>
    <subfield code="r">2022-02-16 00:00:00</subfield>
    <subfield code="s">2021-12-13</subfield>
    <subfield code="w">0000-00-00</subfield>
    <subfield code="y">BK</subfield>
    <subfield code="k">18-19/5797</subfield>
  </datafield>
  <datafield tag="952" ind1=" " ind2=" ">
    <subfield code="0">0</subfield>
    <subfield code="1">0</subfield>
    <subfield code="2">ddc</subfield>
    <subfield code="4">0</subfield>
    <subfield code="7">0</subfield>
    <subfield code="a">SSSL</subfield>
    <subfield code="b">SSSL</subfield>
    <subfield code="c">TXT</subfield>
    <subfield code="d">2018-07-28</subfield>
    <subfield code="e">PRAGATI PRAKASHAN</subfield>
    <subfield code="g">445.00</subfield>
    <subfield code="i">SGTU</subfield>
    <subfield code="l">7</subfield>
    <subfield code="o">AGA</subfield>
    <subfield code="p">PS4328</subfield>
    <subfield code="r">2021-11-30 00:00:00</subfield>
    <subfield code="s">2021-11-17</subfield>
    <subfield code="w">0000-00-00</subfield>
    <subfield code="y">BK</subfield>
    <subfield code="k">18-19/5797</subfield>
  </datafield>
  <datafield tag="952" ind1=" " ind2=" ">
    <subfield code="0">0</subfield>
    <subfield code="1">0</subfield>
    <subfield code="2">ddc</subfield>
    <subfield code="4">0</subfield>
    <subfield code="7">0</subfield>
    <subfield code="a">SSSL</subfield>
    <subfield code="b">SSSL</subfield>
    <subfield code="c">TXT</subfield>
    <subfield code="d">2018-07-28</subfield>
    <subfield code="e">PRAGATI PRAKASHAN</subfield>
    <subfield code="g">445.00</subfield>
    <subfield code="i">SGTU</subfield>
    <subfield code="l">10</subfield>
    <subfield code="o">AGA</subfield>
    <subfield code="p">PS4329</subfield>
    <subfield code="r">2023-08-11 00:00:00</subfield>
    <subfield code="s">2023-08-04</subfield>
    <subfield code="w">0000-00-00</subfield>
    <subfield code="y">BK</subfield>
    <subfield code="k">18-19/5797</subfield>
  </datafield>
  <datafield tag="952" ind1=" " ind2=" ">
    <subfield code="0">0</subfield>
    <subfield code="1">0</subfield>
    <subfield code="2">ddc</subfield>
    <subfield code="4">0</subfield>
    <subfield code="7">0</subfield>
    <subfield code="a">SSSL</subfield>
    <subfield code="b">SSSL</subfield>
    <subfield code="c">TXT</subfield>
    <subfield code="d">2018-07-28</subfield>
    <subfield code="e">PRAGATI PRAKASHAN</subfield>
    <subfield code="g">445.00</subfield>
    <subfield code="i">SGTU</subfield>
    <subfield code="l">0</subfield>
    <subfield code="o">AGA</subfield>
    <subfield code="p">PS4330</subfield>
    <subfield code="r">2018-07-28 00:00:00</subfield>
    <subfield code="w">0000-00-00</subfield>
    <subfield code="y">BK</subfield>
    <subfield code="k">18-19/5797</subfield>
  </datafield>
  <datafield tag="999" ind1=" " ind2=" ">
    <subfield code="c">15703</subfield>
    <subfield code="d">15703</subfield>
  </datafield>
</record>
